000 00436nam a2200181Ia 4500
001 17248
005 20260306170411.0
008 260306t2003||||xx |||||||||||||| ||und||
041 _aESP
082 _a657.61
_bE92 T. 2
100 _aEstudio Caballero Bustamante
_eAUT
245 0 _aNormas internacionales de contabilidad
260 _c2003
300 _a
_c22 cm.
650 _aGEN
654 _aCCO
942 _cLIB
_dJUS
_fJUS
_2ddc
_n
999 _c17248
_d17248